Actores, contratos y mecanismos de pago (Registro nro. 23006)
[ vista simple ]
| 000 -LEADER | |
|---|---|
| fixed length control field | 00358 a2200121 4500 |
| 001 - CONTROL NUMBER | |
| control field | ART_5916 |
| 005 - DATE AND TIME OF LATEST TRANSACTION | |
| control field | 20260410161829.0 |
| 008 - FIXED-LENGTH DATA ELEMENTS--GENERAL INFORMATION | |
| fixed length control field | 260409a |
| 100 1# - MAIN ENTRY--PERSONAL NAME | |
| Personal name | Maceira, Daniel |
| 245 10 - TITLE STATEMENT | |
| Title | Actores, contratos y mecanismos de pago |
| 700 1# - ADDED ENTRY--PERSONAL NAME | |
| Personal name | Cejas, Cintia |
| 773 0# - HOST ITEM ENTRY | |
| Title | Estudios Económicos |
| Related parts | - Vol. 27, Nº 54 (ene./jun. 2010) |
| Record control number | REV5080 |
No hay ítems disponibles.